Кава з Матагальпи (Запис № 17291)

000 -Маркер запису
Контрольне поле сталої довжини 01667nam a22002537a 4500
003 - Належність контрольного номера
Контрольне поле Uzh_bibl
008 - Кодовані дані
Контрольне поле сталої довжини 260408b |||||||| |||| 00| 0 ukr d
020 ## - Індекс ISBN
Ціна 1.00
040 ## - Джерело каталогіз.
Служба первин.кат. укр.
041 ## - Код мови видання
Код мови оригіналу українська
Код мови тексту українська
080 ## - Індекс УДК
Індекс УДК 821(477)
090 ## - Шифри
Поличний індекс 821(477)
Авторський знак П 48
100 ## - Автор
Автор Покальчук, Юрій
245 ## - Назва
Назва Кава з Матагальпи
Відповідальність Худож. оформ. Л.О. Шурховецького
Фізичний носій Текст
260 ## - Вихідні дані
Місце видання Київ
Видавництво Молодь
Дата видання 1987
300 ## - Фізичний опис
Обсяг 224 с.
Тип одиниці В опр.
520 ## - Анотація
Анотація Книга українського письменника, який не раз бував у країнах Латинської Америки, присвячена героїчній боротьбі нікарагуанського народу за свободуі незалежність своєї батьківщини - Республіки Нікарагуа.
521 ## - Примітка про цільове призначення
Примітка про цільове призначення Для широкого кола читачів
546 ## - Примітка про мову
Примітка про мову укр.
650 ## - Тематичні рубрики
Основна рубрика Літературно-художнє видання
Хронологічна підрубрика ХХ століття, період політичних конфліктів і революційних подій
Географічна підрубрика Події відбуваються в країнах Латинської Америки (зокрема Нікарагуа, регіон Матагальпа), а також у різних міських і військових просторах
653 ## - Ключові слова
Ключові слова Латинська Америка
-- Революція
-- Війна
-- Свобода
-- Людина
655 ## - Термін індексування — жанр/форма
Жанр/форма Оповідання (збірка оповідань)
Типове ділення Оповідання, повісті
942 ## - ADDED ENTRY ELEMENTS (KOHA)
Джерело класифікації чи схема поличного розташування
Koha item type Книги
Фонди
Статус вилучення Статус втрати/відсутності Джерело класифікації чи схема поличного розташування Статус пошкодження Тип обігу (не для випозичання) Постійне розташування Поточне розташування Розташування у відділі Дата надходження Інвентарний номер Total Checkouts Повний (примірниковий) шифр зберігання Штрих-код Date last seen Дата, для якої чинна ціна заміни Тип одиниці (рівень примірника)
          Публічна бібліотека Публічна бібліотека Абонемент 08/04/2026 30544   821(477) 20140 08/04/2026 08/04/2026 Книги

Працює на АБІС Коха